000 00320nam a22001337a 4500
008 170927b xxu||||| |||| 00| 0 eng d
020 _a9780312447809
041 _aeng
080 _24TH
_a37
100 _a47
101 _aEDU
245 _aCHOICES A BASIC WRITING GUIDE WITH READINGS
_cMANGELSDORF,K
942 _2udc
_cBK
999 _c30267
_d30267